Norma chilena oficial NCh 3124.Of2008

I tiakina i:
Ngā taipitopito rārangi puna kōrero
Ngā kaituhi rangatōpū: Instituto Nacional de Normalización (Author), INN - Chile (Author)
Hōputu: Pukapuka
Reo:Pāniora
I whakaputaina: Santiago INN 2008
Putanga:1a. ed
Ngā marau:
Ngā Tūtohu: Tāpirihia he Tūtohu
Kāore He Tūtohu, Me noho koe te mea tuatahi ki te tūtohu i tēnei pūkete!

MARC

LEADER 00000cam a2200000 a 4500
001 UCD8637
003 CL-VaPUC
008 170519e20080000cl |||||||||||||||||spa|d
082 0 4 |a 418.02  |b INS  |2 21 
110 2 |a Instituto Nacional de Normalización  |e author  |9 592140 
710 2 |a INN - Chile  |e author  |9 592141 
245 1 0 |a Norma chilena oficial NCh 3124.Of2008 
246 1 0 |a Servicios de traducción: requisitos para la prestación de servicios 
246 1 0 |a Translation services: rendering of services requirements 
250 |a 1a. ed 
300 |a 17 p 
942 |c BK 
945 |d 20170519 15:42:00  |a dcastane 
260 |a Santiago  |b INN  |c 2008 
650 0 |a Traducción e interpretación  |9 315998 
650 0 |a Normas chilenas  |9 472382 
583 |a last modification  |c 20170519 15:42:00  |k Rodrigo Vera 
999 |c 367991  |d 367989 
952 |0 0  |1 0  |3 erb  |4 0  |6 418_020000000000000_INS_2008  |7 0  |8 R  |9 483230  |a BIBEDU  |b BIBEDU  |i 5377188  |o 418.02 INS 2008  |p 5377188  |r 2019-11-24  |w 2019-11-24  |y BK_R  |z Catalogado en:20170519  |k CIT 
952 |0 0  |1 0  |3 erb  |4 0  |6 418_020000000000000_INS_2008  |7 0  |8 R  |9 483231  |a BIBEDU  |b BIBEDU  |i 537717K  |o 418.02 INS 2008  |p 537717K  |r 2019-11-24  |w 2019-11-24  |y BK_R  |z Catalogado en:20170519  |k CIT